Nazwij źle narysowane flagi. - Statystyki

Ogólne statystyki
  • Ten quiz został rozwiązany 342 razy
  • Średni wynik to 13 z 16
Statystyki odpowiedzi
Obrazkowy Odpowiedź % Poprawnych
Albania
99%
Brazylia
95%
Korea Północna
93%
Norwegia
92%
Malta
91%
Meksyk
89%
Rpa
87%
Singapur
82%
Angola
78%
Kirgistan
78%
Saint lucia
72%
Uzbekistan
72%
Namibia
63%
Vanuatu
62%
Republika Zielonego Przylądka
61%
Saint Vincent i Grenadyny
59%
Nie znaleziono quizów pasujących do podanych kryteriów
Rozkład punktacji
Procent ludzi z każdym wynikiem
Percentyl według liczby udzielonych odpowiedzi
Twoja historia wyników
Nie rozwiązałeś tego quizu